Historical atlas of South Asia (Record no. 14831)

MARC details
000 -LEADER
fixed length control field 00513nam a2200169Ia 4500
082 ## - DEWEY DECIMAL CLASSIFICATION NUMBER
Classification number RR 911.54 HIS-
245 #0 - TITLE STATEMENT
Title Historical atlas of South Asia
260 ## - PUBLICATION, DISTRIBUTION, ETC. (IMPRINT)
Place of publication Chicago
Name of publisher University of Chicago Press
Year of publication 1978
300 ## - PHYSICAL DESCRIPTION
Number of Pages v.p.
440 ## - SERIES STATEMENT/ADDED ENTRY--TITLE
Title Association for Asian studies
650 ## - SUBJECT ADDED ENTRY--TOPICAL TERM
Topical Term Atlasses
Form subdivision Asia, South
650 ## - SUBJECT ADDED ENTRY--TOPICAL TERM
Topical Term Asia, South
Form subdivision Historical geography
-- Maps
-- Asia, South
650 ## - SUBJECT ADDED ENTRY--TOPICAL TERM
Topical Term Asia, South
Form subdivision History
-- Asia, South
700 ## - ADDED ENTRY--PERSONAL NAME
Personal name Schwartzberg, Joseph E.
700 ## - ADDED ENTRY--PERSONAL NAME
Personal name Wheatley; Paul
942 ## - ADDED ENTRY ELEMENTS (KOHA)
Koha item type Books
Source of classification or shelving scheme Dewey Decimal Classification
Holdings
Withdrawn status Lost status Damaged status Not for loan Home library Current library Date acquired Full call number Accession Number Price effective from Koha item type Collection code Bill Date
        NASSDOC Library NASSDOC Library 08/10/2004 RR 911.54 HIS- 13642 18/04/2019 Books    
        NASSDOC Library NASSDOC Library 01/02/2019 RR 911.54 HIS- D000020 18/04/2019 Books Docas Books 2005-02-11